Validación estructural de la Escala Básica de Empatía (Basic Empathy Scale) Modificada en Adolescentes: (Record no. 181207)
[ view plain ]
| 000 -CABECERA | |
|---|---|
| campo de control de longitud fija | 01796nab a2200301 a 4500 |
| 005 - FECHA Y HORA DE LA ÚLTIMA TRANSACCIÓN | |
| campo de control | 20210219162708.0 |
| 008 - ELEMENTOS DE LONGITUD FIJA--INFORMACIÓN GENERAL | |
| campo de control de longitud fija | 991125s1985 mx 000 0 spa u |
| 035 ## - NÚMERO DE CONTROL DEL SISTEMA | |
| Número de control de sistema | UPN01000209106 |
| 049 ## - COLECCIÓN | |
| Colección | ART-E |
| 100 1# - ASIENTO PRINCIPAL--NOMBRE PERSONAL | |
| Nombre de persona | Merino Soto, César |
| 100 1# - ASIENTO PRINCIPAL--NOMBRE PERSONAL | |
| Nombre de persona | Grimaldo Muchotrigo, Mirian |
| 222 #0 - TÍTULO CLAVE | |
| Título clave | REVISTA COLOMBIANA DE PSICOLOGIA |
| 245 00 - MENCIÓN DE TÍTULO | |
| Título | Validación estructural de la Escala Básica de Empatía (Basic Empathy Scale) Modificada en Adolescentes: |
| Resto del título | un estudio preliminar |
| 260 ## - PUBLICACIÓN, DISTRIBUCIÓN, ETC. | |
| Lugar de publicación, distribución, etc. | Bogotá, colombia |
| 300 ## - DESCRIPCIÓN FÍSICA | |
| Extensión | 261-270 |
| 362 0# - FECHAS DE PUBLICACIÓN Y/O DESIGNACIÓN SECUENCIAL | |
| Fecha de publicación y/o designación secuencial | 2015, Vol. 24, no. 2 |
| 336 ## - TIPO DE CONTENIDO | |
| Término de tipo de contenido | texto$2rdacontent |
| 337 ## - TIPO DE MEDIO | |
| Nombre/término del tipo de medio | computadora$2rdamedia |
| 338 ## - TIPO DE SOPORTE | |
| Nombre/término del tipo de soporte | recurso en linea$2rdacarrier |
| 520 3# - NOTA DE RESUMEN, ETC. | |
| Sumario, etc. | Se hizo un estudio preliminar para verificar la estructura de una versión de 9 ítems de la Escala Básica de Empatía (EBE), un instrumento que evalúa la empatía afectiva y cognitiva. Los participantes fueron 135 adolescentes entre 11 y 18 años (M=14, DE=1.4) de educación regular, en una región urbana de Lima Metropolitana. Se usó metodología de ecuaciones estructurales para confirmar la estructura, y la transformación Schmid-Leiman para evaluar el modelo bi-dimensional. Los resultados indican que un modelo oblicuo de dos factores es satisfactorio para los datos, la confiabilidad es superior a .70, y no se justifica la interpretación de un solo puntaje tal como anteriormente se hacía. Se discuten las diferencias en la interpretación de los modelos y la valoración de la metodología factorial. |
| 653 0# - TERMINO DE INDIZACION - NO CONTROLADO | |
| Término no controlado | EMPATIA |
| 653 0# - TERMINO DE INDIZACION - NO CONTROLADO | |
| Término no controlado | RELACIONES INTERPERSONALES |
| 653 0# - TERMINO DE INDIZACION - NO CONTROLADO | |
| Término no controlado | ESCALAS DE MEDICION |
| 653 0# - TERMINO DE INDIZACION - NO CONTROLADO | |
| Término no controlado | ADOLESCENTES |
| 856 4# - LOCALIZACIÓN Y ACCESO ELECTRÓNICOS | |
| Identificador Uniforme del Recurso | <a href="http://www.revistas.unal.edu.co/index.php/psicologia/article/view/42514/52945">http://www.revistas.unal.edu.co/index.php/psicologia/article/view/42514/52945</a> |
| 905 ## - TIPO DE MATERIAL | |
| Tipo de material | Articulo |
No items available.
